Historiografia de cuba /

Guardado en:
Autor Principal: Perez Cabrera, Jose M.
Formato: Libro
Publicado: Mexico : Instituto Panamericano De Gografia E Historia, 1962
Materias:
Etiquetas: Agregar Etiqueta
Sin Etiquetas, Sea el primero en etiquetar este registro!
LEADER 00493nam a22001575a 4500
001 EHU.bham011932
003 AR-BHAM
005 20100218202914.0
008 130507s1962##################000#0#####d
082 9 0 |a 900.9 
100 1 |a Perez Cabrera, Jose M. 
245 1 0 |a Historiografia de cuba /  |c Jose M. Perez Cabrera 
260 |a Mexico :  |b Instituto Panamericano De Gografia E Historia,  |c 1962 
300 |a 394 p. 
653 |a Historiografia 
859 |a AR-BHAM  |b BIB. HUMANIDADES - General  |h 900.9  |i P415  |p 2073.62  |t Ej.1